Serbian Political Parties - Statistics

General Stats
  • This quiz has been taken 10 times
  • The average score is 11 of 31
Answer Stats
Ideology Position Seats Answer % Correct
Populism Centre right 104 Serbian Progressive
90%
Left wing nationalism Centre left 2 Movement of Socialists
80%
Social democracy Centre left 12 Socialist
80%
Social democracy Centre left 8 Democratic
70%
____________ politics Centre left 1 Greens
70%
Social Democracy Centre left 1 Alliance of Social Democrats
50%
Albanian minority interests 1 Democratic Action
50%
Liberalism Centre 3 Movement of Free Citizens
50%
Russian minority interests Right wing 1 Russian
50%
Hungarian minority interests Centre right 6 Alliance of Vojvodina Hungarians
40%
Social democracy Centre left 15 Freedom and Justice
40%
Conservatism Centre right 12 People's Movement
40%
Social democracy Centre left 6 Social Democratic`
40%
Pensioners' interests 6 United Pensioners of Serbia
40%
_______ politics Left wing 10 Green Left Front
30%
Bosniak minority interests 2 Justice and Reconcilliation
30%
National conservatism Right wing 7 New Democratic
30%
Agrarianism Right wing 1 People's Peasant
30%
Agrarianism Centre right 1 United Peasant
30%
National Conservatism Right wing 5 United Serbia
30%
Bosniak minority interests Right wing 2 Democratic Action of Sandžak
20%
Monarchism Right wing 6 Movement for the Restoration of the Kingdom of Serbia
20%
Monarchism Centre right 2 New Face of Serbia
20%
National conservatism Right wing 2 Serbian People's
20%
Liberalism Centre right 2 Serbian Renewal Movement
20%
Green politics 5 Ecological Uprising
10%
National Conservatism Right wing 3 Healthy Serbia
10%
Centrism Centre 9 Serbia Centre
10%
Labour Left 1 United Trade Unions of Serbia -Sloga
10%
Populism Right wing 6 We - Power of the People
10%
Populism Right wing 7 We - the Voice of the People
10%
No matching quizzes found
Score Distribution
Percent of People with Each Score
Percentile by Number Answered
Your Score History
You have not taken this quiz